000 00253nam a2200097Ia 4500
001 1155215
005 20250827011159.0
008 250824s9999 xx 000 0 und d
245 0 _aSIR SAHİBİNE VERİLİR
_cHÜLYA GÖZAÇAN
260 _bDESTEK YAYINLARI
999 _c1155215
_d1155215